| 000 | 00555nam a2200169 i 4500 | ||
|---|---|---|---|
| 001 | 46026 | ||
| 003 | ES-MaACL | ||
| 005 | 20230906161322.0 | ||
| 007 | t| | ||
| 008 | 030327s1970 sp ||||1| spa d | ||
| 245 | 0 | 0 | _aConclusiones de las convivencias y encuentros nacionales e internacionales (1964-1970). |
| 260 |
_a[Madrid : _bEuroamérica, _c1970] |
||
| 300 |
_a98 p. ; _c16 cm. |
||
| 500 | _aPrecede al tít.: Secretariado Nacional de cursillos de Cristiandad. | ||
| 710 | 2 |
_aCursillos de Cristiandad. _93358 |
|
| 852 |
_aES-MaACL _jC-40862 _bR.76166 |
||
| 999 |
_c46026 _d46026 |
||